[Event "4NCL/2001-02/D3/SWD2-GUI3"]
[Site "Rd06-Birmingham"]
[Date "2002.01.20"]
[Round "6.4"]
[White "Allinson, Julian"]
[Black "Spice, Alan P"]
[Result "1-0"]
[WhiteElo "1944"]
[BlackElo "2201"]
[PlyCount "109"]
[EventDate "2002.01.20"]
[EventType "team-match"]
[EventCountry "ENG"]
[SourceTitle "BritBase"]
[Source "John Saunders"]
[SourceDate "2024.10.24"]
[SourceVersion "1"]
[SourceVersionDate "2024.10.24"]
[SourceQuality "1"]
[WhiteTeam "Guildford-ADC 3"]
[BlackTeam "South Wales Dragons 2"]
[WhiteTeamCountry "ENG"]
[BlackTeamCountry "WLS"]

1. d4 e6 2. c4 f5 3. Nf3 d6 4. Nc3 Nf6 5. g3 Be7 6. Bg2 O-O 7. O-O Qe8 8. Re1 Ne4 9. Qc2 Qg6 10. b3 Nxc3 11. Qxc3 Bf6 12. c5 Nc6 13. cxd6 cxd6 14. Ba3 Rd8 15. Rad1 Ne7 16. Ne5 Qe8 17. Nc4 d5 18. Ne5 Bd7 19. Rc1 a5 20. Bd6 {(=)} Bb5 21. Bc7 Rdc8 22. a4 Bxe5 23. dxe5 Bxa4 24. bxa4 Qd7 25. Rc2 Ra6 26. Rec1 Rc6 27. Qxa5 R8xc7 28. Rxc6 Rxc6 29. Rb1 {(=)} Qc8 30. Qb5 Rc1+ 31. Rxc1 Qxc1+ 32. Bf1 Qc8 33. e3 g5 34. f4 Kg7 35. Be2 Nc6 36. Qc5 Qf8 37. Qxf8+ Kxf8 38. Kf2 g4 39. Ke1 Na5 40. Kd2 Ke7 41. Kc3 Kd7 42. Bb5+ Nc6 43. Kd2 Kc7 44. Kc3 Na7 45. Kb4 Nc6+ 46. Kc3 Kb6 47. Kd3 Nb8 48. Kd4 Na6 49. Bd7 Nc7 50. a5+ Kxa5 51. Kc5 b5 52. Kc6 b4 53. Kxc7 b3 54. Bxe6 b2 55. Bxf5 1-0

[Event "4NCL/2001-02/D3/SWD2-GUI3"]
[Site "Rd06-Birmingham"]
[Date "2002.01.20"]
[Round "6.5"]
[White "Trevelyan, John"]
[Black "Stimpson, Philip M"]
[Result "1-0"]
[WhiteElo "2178"]
[BlackElo "1912"]
[PlyCount "72"]
[EventDate "2002.01.20"]
[EventType "team-match"]
[EventCountry "ENG"]
[SourceTitle "BritBase"]
[Source "John Saunders"]
[SourceDate "2024.10.24"]
[SourceVersion "1"]
[SourceVersionDate "2024.10.24"]
[SourceQuality "1"]
[WhiteTeam "South Wales Dragons 2"]
[BlackTeam "Guildford-ADC 3"]
[WhiteTeamCountry "WLS"]
[BlackTeamCountry "ENG"]

1. d4 Nf6 2. c4 e5 3. dxe5 Ng4 4. Nf3 Nc6 5. Bf4 Bb4+ 6. Nbd2 Qe7 7. a3 Ngxe5 8. Nxe5 Nxe5 9. e3 Bxd2+ 10. Qxd2 d6 11. Be2 O-O 12. O-O b6 13. Bg3 Bb7 14. Rae1 f5 15. Qd4 Rae8 16. Bd1 c5 17. Qc3 Qd7 18. Bc2 Qc6 19. f3 g5 20. Bxe5 dxe5 21. Rd1 g4 22. Rd2 Qg6 23. f4 exf4 24. Rxf4 Qe6 25. Bxf5 Qxf5 26. Rxf5 Rxf5 27. Rd7 Rf7 28. Qd2 Ree7 29. Rd8+ Kg7 30. Qc3+ Kg6 31. Rd6+ Kf5 32. Kf2 Re5 33. Kg3 Rfe7 34. Kh4 Bxg2 35. h3 h5 36. Rh6 Ke4 1-0

[Event "4NCL/2001-02/D3/SWD2-GUI3"]
[Site "Rd06-Birmingham"]
[Date "2002.01.20"]
[Round "6.6"]
[White "Bimbatti, Gian"]
[Black "Adams, Mark A"]
[Result "0-1"]
[WhiteElo "1768"]
[BlackElo "2084"]
[PlyCount "92"]
[EventDate "2002.01.20"]
[EventType "team-match"]
[EventCountry "ENG"]
[SourceTitle "BritBase"]
[Source "John Saunders"]
[SourceDate "2024.10.24"]
[SourceVersion "1"]
[SourceVersionDate "2024.10.24"]
[SourceQuality "1"]
[WhiteTeam "Guildford-ADC 3"]
[BlackTeam "South Wales Dragons 2"]
[WhiteTeamCountry "ENG"]
[BlackTeamCountry "WLS"]

1. e4 c5 2. Nf3 d6 3. Nc3 Nf6 4. e5 dxe5 5. Nxe5 a6 6. Be2 Nbd7 7. Nc4 e6 8. a4 Be7 9. Bf3 O-O 10. d3 Nb6 11. O-O Nxc4 12. dxc4 Qc7 13. Qe2 Bd7 14. b3 Rad8 15. Bb2 Bc6 16. Rad1 Bd6 17. h3 Rd7 18. Rd3 Rfd8 19. Rfd1 Be7 20. Ne4 Bxe4 21. Bxe4 Nxe4 22. Qxe4 Rxd3 23. Rxd3 Rxd3 24. Qxd3 Qd6 25. Qxd6 Bxd6 26. Kf1 f5 27. Ke2 {(=)} Kf7 28. Ke3 g5 29. f3 Be7 30. Be5 Bf6 31. Bd6 Be7 32. Be5 Bf6 33. Bd6 Be7 {(=)} 34. Bxe7 Kxe7 35. a5 Kd6 36. f4 h6 37. c3 e5 38. fxg5 hxg5 39. g3 e4 40. g4 Ke5 41. gxf5 Kxf5 42. b4 Ke5 43. bxc5 Kf5 44. c6 bxc6 45. Kd4 Kf4 46. Kc5 e3 0-1

[Event "4NCL/2001-02/D3/SWD2-GUI3"]
[Site "Rd06-Birmingham"]
[Date "2002.01.20"]
[Round "6.7"]
[White "Brown, Alan M"]
[Black "Longson Hegarty, Sarah N"]
[Result "1-0"]
[WhiteElo "1912"]
[BlackElo "1608"]
[PlyCount "39"]
[EventDate "2002.01.20"]
[EventType "team-match"]
[EventCountry "ENG"]
[SourceTitle "BritBase"]
[Source "John Saunders"]
[SourceDate "2024.10.24"]
[SourceVersion "1"]
[SourceVersionDate "2024.10.24"]
[SourceQuality "1"]
[WhiteTeam "South Wales Dragons 2"]
[BlackTeam "Guildford-ADC 3"]
[WhiteTeamCountry "WLS"]
[BlackTeamCountry "ENG"]

1. d4 Nf6 2. c4 g6 3. Nc3 d5 4. Bf4 Bg7 5. e3 c6 6. cxd5 Nxd5 7. Nxd5 Qxd5 8. Nf3 Bf5 9. Be2 Nd7 10. O-O f6 11. Nd2 e5 12. e4 Bxe4 13. Bc4 Qa5 14. Nxe4 exf4 15. Nd6+ Ke7 16. Nxb7 Qb4 17. Qe2+ Kf8 18. Qe6 Qe7 19. Qxc6 Re8 20. Nd6 1-0

[Event "4NCL/2001-02/D3/SWD2-GUI3"]
[Site "Rd06-Birmingham"]
[Date "2002.01.20"]
[Round "6.8"]
[White "Patel, Sunena"]
[Black "Wilson, Julie C"]
[Result "0-1"]
[WhiteElo "1224"]
[BlackElo "1648"]
[PlyCount "84"]
[EventDate "2002.01.20"]
[EventType "team-match"]
[EventCountry "ENG"]
[SourceTitle "BritBase"]
[Source "John Saunders"]
[SourceDate "2024.10.24"]
[SourceVersion "1"]
[SourceVersionDate "2024.10.24"]
[SourceQuality "1"]
[WhiteTeam "Guildford-ADC 3"]
[BlackTeam "South Wales Dragons 2"]
[WhiteTeamCountry "ENG"]
[BlackTeamCountry "WLS"]

1. e4 e6 2. d3 d5 3. Nd2 c5 4. Ngf3 Nc6 5. g3 Bd6 6. Bg2 Nge7 7. O-O O-O 8. Re1 Ng6 9. Nf1 d4 10. c3 e5 11. cxd4 cxd4 12. N3d2 Bd7 13. a3 Rc8 14. Nc4 Be7 15. b4 b5 16. Nb2 Be6 17. Bd2 Qd7 18. Rc1 a5 19. bxa5 Bxa3 20. Rb1 Qa7 21. Qe2 Nxa5 22. Bxa5 Qxa5 23. Ra1 Qc3 24. Reb1 Qc5 25. f3 Bb3 26. Nd1 Bc2 27. Rxb5 Qxb5 28. Rxa3 Qb4 29. Ra1 Bb3 30. Qb2 Rc2 31. Qa3 Qxa3 32. Rxa3 Rb8 33. Nf2 Be6 34. Bh3 Rxf2 35. Kxf2 Bxh3 36. g4 Rb2+ 37. Ke1 Rb1+ 38. Kd2 Rxf1 39. Kc2 h6 40. Kb3 Rxf3 41. Kc4 Bxg4 42. Ra5 Be6+ 0-1

[Event "4NCL/2001-02/D3/WS-WR2"]
[Site "Rd06-Birmingham"]
[Date "2002.01.20"]
[Round "6.1"]
[White "Hynes, Anthony M"]
[Black "Burnett, James"]
[Result "1/2-1/2"]
[WhiteElo "2232"]
[BlackElo "2218"]
[PlyCount "43"]
[EventDate "2002.01.20"]
[EventType "team-match"]
[EventCountry "ENG"]
[SourceTitle "BritBase"]
[Source "John Saunders"]
[SourceDate "2024.10.24"]
[SourceVersion "1"]
[SourceVersionDate "2024.10.24"]
[SourceQuality "1"]
[WhiteTeam "Warwickshire Select"]
[BlackTeam "White Rose 2"]
[WhiteTeamCountry "ENG"]
[BlackTeamCountry "ENG"]

1. e4 d5 2. exd5 Qxd5 3. Nc3 Qa5 4. d4 Nf6 5. Nf3 c6 6. Bc4 Bf5 7. Ne5 e6 8. g4 Bg6 9. h4 Nbd7 10. Qe2 Be4 11. f3 Bd5 12. Bd3 Nxe5 13. dxe5 Nd7 14. Rf1 Be7 15. h5 Qc7 16. f4 Nc5 17. Nxd5 Nxd3+ 18. Qxd3 cxd5 19. Be3 Bh4+ 20. Ke2 Be7 21. Qb5+ Qd7 22. Qxd7+ 1/2-1/2

[Event "4NCL/2001-02/D3/WS-WR2"]
[Site "Rd06-Birmingham"]
[Date "2002.01.20"]
[Round "6.2"]
[White "Thurlow, Kevin J"]
[Black "Mason, Donald J"]
[Result "1-0"]
[WhiteElo "2185"]
[BlackElo "2284"]
[PlyCount "63"]
[EventDate "2002.01.20"]
[EventType "team-match"]
[EventCountry "ENG"]
[SourceTitle "BritBase"]
[Source "John Saunders"]
[SourceDate "2024.10.24"]
[SourceVersion "1"]
[SourceVersionDate "2024.10.24"]
[SourceQuality "1"]
[WhiteTeam "White Rose 2"]
[BlackTeam "Warwickshire Select"]
[WhiteTeamCountry "ENG"]
[BlackTeamCountry "ENG"]

1. e4 e6 2. d4 d5 3. Nd2 Nf6 4. e5 Nfd7 5. Bd3 c5 6. c3 Nc6 7. Ne2 cxd4 8. cxd4 f6 9. exf6 Nxf6 10. O-O Bd6 11. Nf3 O-O 12. Bf4 Bxf4 13. Nxf4 Ne4 14. g3 Qf6 15. h4 g5 16. Bxe4 gxf4 17. Bc2 Qg7 18. Kh2 fxg3+ 19. fxg3 e5 20. dxe5 Bg4 21. Qxd5+ Kh8 22. Ng5 Nb4 23. Qe4 Nxc2 24. Qxc2 h6 25. Qe4 Bd7 26. Nh3 Bc6 27. Qe3 Qg6 28. Nf4 Qg4 29. e6 Rae8 30. Rae1 Rg8 31. Qe5+ Qg7 32. Ng6+ 1-0

[Event "4NCL/2001-02/D3/WS-WR2"]
[Site "Rd06-Birmingham"]
[Date "2002.01.20"]
[Round "6.3"]
[White "Thomas, Nicholas"]
[Black "Wise, David"]
[Result "1/2-1/2"]
[WhiteElo "2237"]
[BlackElo "2193"]
[PlyCount "100"]
[EventDate "2002.01.20"]
[EventType "team-match"]
[EventCountry "ENG"]
[SourceTitle "BritBase"]
[Source "John Saunders"]
[SourceDate "2024.10.24"]
[SourceVersion "1"]
[SourceVersionDate "2024.10.24"]
[SourceQuality "1"]
[WhiteTeam "Warwickshire Select"]
[BlackTeam "White Rose 2"]
[WhiteTeamCountry "ENG"]
[BlackTeamCountry "ENG"]

1. e4 c5 2. Nc3 Nc6 3. g3 g6 4. Bg2 Bg7 5. d3 d6 6. f4 e6 7. Nf3 Nge7 8. O-O O-O 9. Be3 Nd4 10. e5 Bd7 11. Ne4 Nef5 12. Bf2 Nxf3+ 13. Qxf3 Bc6 14. c3 Rc8 15. Rfd1 b6 16. d4 cxd4 17. cxd4 Bxe4 18. Qxe4 d5 19. Qd3 Qd7 20. Rdc1 Rxc1+ 21. Rxc1 Rc8 22. Rxc8+ Qxc8 23. Qd2 Bf8 24. Bf1 Qc6 25. g4 Ne7 26. Bd3 Bg7 27. Be3 f5 28. g5 Bf8 29. Qb4 Kf7 30. Kf2 a5 31. Qb5 Qxb5 32. Bxb5 Nc8 33. Bd2 Na7 {(=)} 34. Be2 Ke8 35. Ke3 Be7 36. Kd3 Bd8 37. b4 axb4 38. Bxb4 Be7 39. Kc3 Bxb4+ 40. Kxb4 Nc6+ 41. Kc3 Na7 42. a4 Ke7 43. h4 Nc6 44. Bb5 Kd7 45. Be2 Kc7 46. h5 Kd8 47. Bb5 Kc7 48. Bxc6 Kxc6 49. h6 Kc7 50. Kb4 Kc6 1/2-1/2

[Event "4NCL/2001-02/D3/WS-WR2"]
[Site "Rd06-Birmingham"]
[Date "2002.01.20"]
[Round "6.4"]
[White "White, Mark W"]
[Black "Dighton, Simon G"]
[Result "1/2-1/2"]
[WhiteElo "2108"]
[BlackElo "2234"]
[PlyCount "68"]
[EventDate "2002.01.20"]
[EventType "team-match"]
[EventCountry "ENG"]
[SourceTitle "BritBase"]
[Source "John Saunders"]
[SourceDate "2024.10.24"]
[SourceVersion "1"]
[SourceVersionDate "2024.10.24"]
[SourceQuality "1"]
[WhiteTeam "White Rose 2"]
[BlackTeam "Warwickshire Select"]
[WhiteTeamCountry "ENG"]
[BlackTeamCountry "ENG"]

1. e4 e6 2. d4 d5 3. e5 c5 4. c3 Nc6 5. Nf3 Bd7 6. Be2 f6 7. exf6 Nxf6 8. dxc5 Bxc5 9. O-O O-O 10. Bg5 Qb6 11. b4 Bd6 12. Nbd2 Rac8 13. Nc4 Qc7 14. Nxd6 Qxd6 15. Qb3 Ne5 16. Bxf6 Rxf6 17. Rad1 Bb5 18. Nd4 Bxe2 19. Nxe2 Ng4 20. Ng3 Rcf8 21. Rd2 Qf4 22. Qc2 h5 23. Rd4 Qg5 24. Qd2 Qg6 25. f3 e5 26. Rxd5 h4 27. fxg4 hxg3 28. Rxf6 gxh2+ 29. Kxh2 Qxf6 30. Qe2 Qh6+ 31. Kg1 Qc1+ 32. Kh2 Qh6+ 33. Kg1 Qc1+ 34. Kh2 Qh6+ 1/2-1/2

[Event "4NCL/2001-02/D3/WS-WR2"]
[Site "Rd06-Birmingham"]
[Date "2002.01.20"]
[Round "6.5"]
[White "Pitcher, John T"]
[Black "Keeling, Geoffrey"]
[Result "1-0"]
[WhiteElo "2128"]
[BlackElo "2053"]
[PlyCount "63"]
[EventDate "2002.01.20"]
[EventType "team-match"]
[EventCountry "ENG"]
[SourceTitle "BritBase"]
[Source "John Saunders"]
[SourceDate "2024.10.24"]
[SourceVersion "1"]
[SourceVersionDate "2024.10.24"]
[SourceQuality "1"]
[WhiteTeam "Warwickshire Select"]
[BlackTeam "White Rose 2"]
[WhiteTeamCountry "ENG"]
[BlackTeamCountry "ENG"]

1. e4 e5 2. Bc4 Bc5 3. Nc3 Nf6 4. d3 d6 5. Na4 Bb6 6. Nxb6 axb6 7. Bg5 h6 8. Bh4 g5 9. Bg3 Nc6 10. f3 Na5 11. Ne2 Nxc4 12. dxc4 Be6 13. Qd3 Ra4 14. b3 Ra3 15. Bf2 Qa8 16. Nc3 Ra6 17. a4 Nh5 18. g3 Qc8 19. Be3 f5 20. exf5 Bxf5 21. Qd2 Nf6 22. g4 Bg6 23. O-O-O Ra8 24. h4 gxh4 25. Rxh4 h5 26. Rg1 Kf7 27. g5 Ne8 28. f4 Ng7 29. fxe5 dxe5 30. Rf1+ Kg8 31. Nd5 Ne8 32. Ne7+ 1-0

[Event "4NCL/2001-02/D3/WS-WR2"]
[Site "Rd06-Birmingham"]
[Date "2002.01.20"]
[Round "6.6"]
[White "Shaw, Peter"]
[Black "Wu, Li"]
[Result "0-1"]
[WhiteElo "1960"]
[BlackElo "1992"]
[PlyCount "106"]
[EventDate "2002.01.20"]
[EventType "team-match"]
[EventCountry "ENG"]
[SourceTitle "BritBase"]
[Source "John Saunders"]
[SourceDate "2024.10.24"]
[SourceVersion "1"]
[SourceVersionDate "2024.10.24"]
[SourceQuality "1"]
[WhiteTeam "White Rose 2"]
[BlackTeam "Warwickshire Select"]
[WhiteTeamCountry "ENG"]
[BlackTeamCountry "ENG"]

1. d4 Nf6 2. Nf3 g6 3. Bf4 Bg7 4. e3 O-O 5. h3 d6 6. Bc4 b6 7. O-O Bb7 8. Nbd2 Nbd7 9. c3 c5 10. Qe2 Rc8 11. Rfd1 Rc7 12. a4 Rc8 13. Bh2 Ne4 14. Nxe4 Bxe4 15. Rac1 Bb7 16. Bb3 Qc7 17. Nd2 Nf6 18. Rc2 Ne4 19. Nxe4 Bxe4 20. Rcd2 c4 21. Bc2 Bxc2 22. Rxc2 Qc6 23. Ra1 d5 24. Rcc1 e6 25. Re1 f5 26. Qd2 Rce8 27. Be5 Bxe5 28. dxe5 Qc5 29. Qd4 Qxd4 30. exd4 f4 31. f3 g5 32. Kf2 Kg7 33. Rh1 h5 34. h4 g4 35. Rhg1 Kg6 36. Ke2 Kh6 37. Kf2 Re7 38. Rh1 Rg7 39. Ra3 Rfg8 40. Kf1 gxf3 41. gxf3 Rg3 42. Rh2 Rg1+ 43. Kf2 Rc1 44. Rh3 Rc2+ 45. Kf1 Rxb2 46. a5 b5 47. Ra1 Rgg2 48. Rh1 Rbf2+ 49. Ke1 Rxf3 50. Rf1 Re3+ 51. Kd1 f3 52. a6 Rd3+ 53. Ke1 Re2# 0-1

[Event "4NCL/2001-02/D3/WS-WR2"]
[Site "Rd06-Birmingham"]
[Date "2002.01.20"]
[Round "6.7"]
[White "Baruch, Andrew Jan Daniel"]
[Black "Hardy, Otto Henry"]
[Result "1-0"]
[WhiteElo "2064"]
[BlackElo "1800"]
[PlyCount "115"]
[EventDate "2002.01.20"]
[EventType "team-match"]
[EventCountry "ENG"]
[SourceTitle "BritBase"]
[Source "John Saunders"]
[SourceDate "2024.10.24"]
[SourceVersion "1"]
[SourceVersionDate "2024.10.24"]
[SourceQuality "1"]
[WhiteTeam "Warwickshire Select"]
[BlackTeam "White Rose 2"]
[WhiteTeamCountry "ENG"]
[BlackTeamCountry "ENG"]

1. c4 e5 2. g3 Nc6 3. Bg2 d6 4. Nc3 Be6 5. d3 Qd7 6. Rb1 g6 7. b4 Bg7 8. b5 Nd8 9. Nd5 c6 10. bxc6 bxc6 11. Ba3 f5 12. Nc3 Ne7 13. Qc2 O-O 14. Nf3 Nf7 15. O-O Rab8 16. Rb3 Qc7 17. Rfb1 Bf6 18. Nd2 d5 19. Rxb8 Rxb8 20. Rxb8+ Qxb8 21. Bxe7 Bxe7 22. cxd5 cxd5 23. Bxd5 Qc8 24. Bxe6 Qxe6 25. Qb3 Qc6 26. Nc4 Kg7 27. Qb5 Qxb5 28. Nxb5 Bc5 29. e3 Kf6 30. Kf1 Ke6 31. h4 Kd5 32. Ke2 Kc6 33. Nc3 h6 34. Na5+ Kd7 35. Nb3 Bb4 36. Nd5 Ba3 37. e4 fxe4 38. dxe4 Nd6 39. Kd3 g5 40. h5 Ke6 41. Ne3 Bb4 42. Ng4 Nf7 43. Kc4 Bf8 44. Nc5+ Kd6 45. Kb5 Nd8 46. Nd3 Nc6 47. Ka6 Bg7 48. a3 Nd4 49. Ne3 Kc7 50. Nc4 Nc6 51. Nb4 Bf8 52. Nxc6 Kxc6 53. Nxe5+ Kc7 54. Ng4 Bxa3 55. Nxh6 Bc5 56. Nf7 Bxf2 57. h6 Bd4 58. e5 1-0

[Event "4NCL/2001-02/D3/WS-WR2"]
[Site "Rd06-Birmingham"]
[Date "2002.01.20"]
[Round "6.8"]
[White "Van Kemenade, Julie"]
[Black "Wilcox, Charlotte"]
[Result "1-0"]
[WhiteElo "1592"]
[BlackElo "1392"]
[PlyCount "97"]
[EventDate "2002.01.20"]
[EventType "team-match"]
[EventCountry "ENG"]
[SourceTitle "BritBase"]
[Source "John Saunders"]
[SourceDate "2024.10.24"]
[SourceVersion "1"]
[SourceVersionDate "2024.10.24"]
[SourceQuality "1"]
[WhiteTeam "White Rose 2"]
[BlackTeam "Warwickshire Select"]
[WhiteTeamCountry "ENG"]
[BlackTeamCountry "ENG"]

1. e4 c6 2. d4 d5 3. e5 Bf5 4. Nc3 e6 5. g4 Bg6 6. Nge2 h6 7. Nf4 Bh7 8. Be3 Nd7 9. h4 Ne7 10. h5 Qb6 11. Qd2 Qxb2 12. Rb1 Qxc2 13. Rxb7 Qxd2+ 14. Kxd2 Nb6 15. Ba6 Rg8 16. a4 g5 17. hxg6 Bxg6 18. Ke2 Bc2 19. Nh5 Bg7 20. Bxh6 Bh8 21. a5 Nd7 22. Rc1 Bh7 23. Nb5 Kd8 24. Nd6 Bg6 25. Nf4 Rb8 26. Nxg6 Rxg6 27. Nxf7+ Ke8 28. Nd6+ Kd8 29. Rxb8+ Nxb8 30. Bf8 Nxa6 31. Bxe7+ Kxe7 32. Rxc6 Nb4 33. Rc7+ Kf8 34. f3 Kg8 35. Rxa7 Nc6 36. Ra8+ Kh7 37. Ke3 Rg8 38. Ra6 Nb8 39. Rb6 Rd8 40. a6 Nxa6 41. Rxa6 Bg7 42. Nf7 Rb8 43. Rxe6 Rb3+ 44. Kf4 Rd3 45. Ng5+ Kg8 46. Re8+ Bf8 47. Kf5 Re3 48. Kg6 Rd3 49. Ne6 1-0

[Event "4NCL/2001-02/D3/BRI2-WS"]
[Site "Rd07-Birmingham"]
[Date "2002.03.23"]
[Round "7.1"]
[White "Dilleigh, Stephen P"]
[Black "Hynes, Anthony M"]
[Result "1/2-1/2"]
[WhiteElo "2173"]
[BlackElo "2232"]
[PlyCount "110"]
[EventDate "2002.03.23"]
[EventCountry "ENG"]
[SourceTitle "BritBase"]
[Source "John Saunders"]
[SourceDate "2024.10.24"]
[SourceVersion "1"]
[SourceVersionDate "2024.10.24"]
[SourceQuality "1"]
[WhiteTeam "Bristol 2"]
[BlackTeam "Warwickshire Select"]
[WhiteTeamCountry "ENG"]
[BlackTeamCountry "ENG"]

1. c4 e5 2. g3 Nf6 3. Bg2 c6 4. d4 exd4 5. Qxd4 d5 6. cxd5 cxd5 7. Nf3 Nc6 8. Qa4 Bd7 9. O-O Bc5 10. Bg5 h6 11. Bxf6 Qxf6 12. Nc3 Ne7 13. Qb3 Bc6 14. Ne1 Rd8 15. Nd3 Bd4 16. Nb4 Bxc3 17. bxc3 O-O 18. Nc2 Nf5 19. e3 Rc8 20. Nb4 Ne7 {(=)} 21. Rfd1 Rfd8 22. Rac1 a5 23. Nxc6 Qxc6 24. Rb1 Rc7 25. c4 Qxc4 26. Qxc4 Rxc4 27. Rxb7 Kf8 28. Rb5 Ra4 29. Rd2 g6 30. Bf3 Rc8 31. Bxd5 Nxd5 32. Rdxd5 Rxa2 33. Rxa5 Rxa5 34. Rxa5 Rc2 35. h4 h5 36. Kg2 Kg7 37. Rd5 Kf6 38. e4 Re2 39. Kf3 Rb2 40. Ke3 Rb3+ 41. Rd3 Rb2 42. f3 Rg2 43. Kf4 Rg1 44. Rd6+ Ke7 45. Ra6 Rg2 46. g4 hxg4 47. fxg4 Rh2 48. Kg5 Re2 49. Ra4 Rg2 50. e5 Re2 51. Ra5 Rg2 52. Ra4 Re2 53. Ra5 Rg2 54. h5 gxh5 55. Kxh5 Ke6 1/2-1/2

[Event "4NCL/2001-02/D3/BRI2-WS"]
[Site "Rd07-Birmingham"]
[Date "2002.03.23"]
[Round "7.2"]
[White "Dighton, Simon G"]
[Black "Easton, Alex"]
[Result "1/2-1/2"]
[WhiteElo "2234"]
[BlackElo "2139"]
[PlyCount "55"]
[EventDate "2002.03.23"]
[EventCountry "ENG"]
[SourceTitle "BritBase"]
[Source "John Saunders"]
[SourceDate "2024.10.24"]
[SourceVersion "1"]
[SourceVersionDate "2024.10.24"]
[SourceQuality "1"]
[WhiteTeam "Warwickshire Select"]
[BlackTeam "Bristol 2"]
[WhiteTeamCountry "ENG"]
[BlackTeamCountry "ENG"]

1. e4 e6 2. d4 d5 3. Nd2 Nf6 4. Bd3 c5 5. c3 Nc6 6. Ne2 cxd4 7. cxd4 Qb6 8. O-O Nb4 9. Bb1 dxe4 10. Nxe4 Be7 11. N2c3 O-O 12. Bg5 Nbd5 13. Qe2 h6 14. Nxd5 exd5 15. Nxf6+ Bxf6 16. Qd3 g6 17. Bxf6 Qxf6 18. Qd2 Kg7 19. Bc2 Bd7 20. Rfe1 Rfe8 21. Rad1 Rxe1+ 22. Rxe1 Re8 {(=)} 23. Rxe8 Bxe8 24. Qe3 Bd7 25. Bb3 Be6 26. f3 g5 27. Kf2 Qf5 28. g3 1/2-1/2

[Event "4NCL/2001-02/D3/BRI2-WS"]
[Site "Rd07-Birmingham"]
[Date "2002.03.23"]
[Round "7.3"]
[White "Rudd, Jack"]
[Black "Thomas, Nicholas"]
[Result "1/2-1/2"]
[WhiteElo "2135"]
[BlackElo "2237"]
[PlyCount "94"]
[EventDate "2002.03.23"]
[EventCountry "ENG"]
[SourceTitle "BritBase"]
[Source "John Saunders"]
[SourceDate "2024.10.24"]
[SourceVersion "1"]
[SourceVersionDate "2024.10.24"]
[SourceQuality "1"]
[WhiteTeam "Bristol 2"]
[BlackTeam "Warwickshire Select"]
[WhiteTeamCountry "ENG"]
[BlackTeamCountry "ENG"]

1. d4 e6 2. Nf3 Nf6 3. Bg5 Be7 4. e3 h6 5. Bh4 b6 6. Bd3 Bb7 7. Nbd2 d6 8. Qe2 Nbd7 9. O-O-O c5 10. Kb1 a6 11. c3 b5 12. e4 d5 13. e5 Ng8 14. Bxe7 Nxe7 15. dxc5 Nxc5 16. Bc2 Qb6 17. Nd4 b4 18. c4 O-O-O 19. cxd5 Bxd5 20. Nc4 Bxc4 21. Qxc4 Kb8 22. Qe2 Nd5 23. g3 Rd7 24. Qf3 Rc8 25. Rc1 Rdc7 26. Rhd1 a5 27. Qe2 Rb7 28. Nb3 Rbc7 29. Nxc5 Qxc5 30. Qd2 Kb7 31. Be4 Qxc1+ 32. Rxc1 Rxc1+ 33. Qxc1 Rxc1+ 34. Kxc1 Kc6 35. Kd2 Kc5 36. Kd3 Nb6 37. Bh7 Kd5 38. f4 f5 39. exf6 gxf6 40. Bg8 f5 41. h3 Nd7 42. Bf7 Nf6 43. Ke3 Ne4 44. Kf3 Nd2+ 45. Ke3 Ne4 46. Kf3 Nd2+ 47. Ke3 Ne4 1/2-1/2

[Event "4NCL/2001-02/D3/BRI2-WS"]
[Site "Rd07-Birmingham"]
[Date "2002.03.23"]
[Round "7.4"]
[White "Shephard, Christopher CW"]
[Black "Curtis, John"]
[Result "1/2-1/2"]
[WhiteElo "2136"]
[BlackElo "2118"]
[PlyCount "37"]
[EventDate "2002.03.23"]
[EventCountry "ENG"]
[SourceTitle "BritBase"]
[Source "John Saunders"]
[SourceDate "2024.10.24"]
[SourceVersion "1"]
[SourceVersionDate "2024.10.24"]
[SourceQuality "1"]
[WhiteTeam "Warwickshire Select"]
[BlackTeam "Bristol 2"]
[WhiteTeamCountry "ENG"]
[BlackTeamCountry "ENG"]

1. c4 e5 2. Nc3 d6 3. Nf3 f5 4. d4 e4 5. Ng5 Be7 6. Nh3 c6 7. e3 Nf6 8. Nf4 Na6 9. Be2 O-O 10. h4 Rb8 11. d5 Nc7 12. a4 Nd7 13. g3 Ne5 14. a5 Bf6 15. Kf1 Qe7 16. Bd2 c5 17. Kg2 Bd7 18. Qb1 Rfc8 19. Ra3 1/2-1/2

[Event "4NCL/2001-02/D3/BRI2-WS"]
[Site "Rd07-Birmingham"]
[Date "2002.03.23"]
[Round "7.5"]
[White "Frost, Nicholas A"]
[Black "Pitcher, John T"]
[Result "0-1"]
[WhiteElo "2112"]
[BlackElo "2128"]
[PlyCount "100"]
[EventDate "2002.03.23"]
[EventCountry "ENG"]
[SourceTitle "BritBase"]
[Source "John Saunders"]
[SourceDate "2024.10.24"]
[SourceVersion "1"]
[SourceVersionDate "2024.10.24"]
[SourceQuality "1"]
[WhiteTeam "Bristol 2"]
[BlackTeam "Warwickshire Select"]
[WhiteTeamCountry "ENG"]
[BlackTeamCountry "ENG"]

1. e4 c5 2. Nc3 Nc6 3. g3 g6 4. Bg2 Bg7 5. d3 e6 6. Be3 d6 7. Qd2 Rb8 8. Nge2 b5 9. d4 b4 10. Nd1 cxd4 11. Nxd4 Nge7 12. Nxc6 Nxc6 13. Bh6 Bxh6 14. Qxh6 Qf6 15. Qd2 Ba6 16. Qxd6 Rb6 17. Qf4 Qg7 18. Bf1 g5 19. Qe3 Bb7 20. Rc1 O-O 21. Bd3 f5 22. h4 f4 23. gxf4 gxf4 24. Qh3 Ne5 25. Kf1 Qd7 26. Rg1+ Kh8 27. Rg5 Qd4 28. f3 Nxd3 29. cxd3 Qxd3+ 30. Kg1 Qd2 31. Ra1 Qe1+ 32. Kh2 Rd6 33. Rg1 Rd2+ 34. Kh1 Qe2 35. Qg2 Qxg2+ 36. Rxg2 Rfd8 37. Nf2 Rxb2 38. Nh3 Rxg2 39. Kxg2 Rd2+ 40. Kh1 Rd3 41. Kg2 e5 42. Ng5 Rd2+ 43. Kg1 Kg8 44. Ne6 Bc8 45. Nc7 Kf7 46. Nd5 a5 47. Nb6 Be6 48. Rc1 Rxa2 49. Rc7+ Kf6 50. Rc6 Ke7 0-1

[Event "4NCL/2001-02/D3/BRI2-WS"]
[Site "Rd07-Birmingham"]
[Date "2002.03.23"]
[Round "7.6"]
[White "Wu, Li"]
[Black "Ponter, Ian P"]
[Result "1-0"]
[WhiteElo "1992"]
[BlackElo "2090"]
[PlyCount "70"]
[EventDate "2002.03.23"]
[EventCountry "ENG"]
[SourceTitle "BritBase"]
[Source "John Saunders"]
[SourceDate "2024.10.24"]
[SourceVersion "1"]
[SourceVersionDate "2024.10.24"]
[SourceQuality "1"]
[WhiteTeam "Warwickshire Select"]
[BlackTeam "Bristol 2"]
[WhiteTeamCountry "ENG"]
[BlackTeamCountry "ENG"]

1. d4 d5 2. c4 e6 3. Nc3 Nf6 4. Bg5 Be7 5. e3 c6 6. Nf3 Nbd7 7. Qc2 O-O 8. cxd5 exd5 9. Bd3 Re8 10. O-O Nf8 11. Rab1 a5 12. a3 g6 13. b4 Ne6 14. Bh4 axb4 15. axb4 Ng7 16. Nd2 Bf5 17. Bxf5 Nxf5 18. Bxf6 Bxf6 19. b5 Qd6 20. bxc6 bxc6 21. Nb3 Bd8 22. Nc5 Bc7 23. g3 h5 24. Nb7 Qe7 25. Rfc1 h4 26. Nxd5 cxd5 27. Qxc7 hxg3 28. hxg3 Qg5 29. Qf4 Qf6 30. Nc5 Qd6 31. Qxd6 Nxd6 32. Nd7 Kg7 33. Nb6 Ra5 34. Rc5 Rxc5 35. dxc5 Nc4 1-0